| 000 | 00644nam a2200181Ia 4500 | ||
|---|---|---|---|
| 008 | 090123s9999 xx 000 0 und d | ||
| 082 | _b2281 | ||
| 100 | _aगांधी महात्मा | ||
| 245 | _aसत्याचे प्रयोग /आत्मकथा | ||
| 250 | _a4 | ||
| 260 | _bनवजीवन ट्रस्ट | ||
| 300 | _a488 | ||
| 600 | _aगांधी महात्मा | ||
| 630 | _aसत्याचे प्रयोग /आत्मकथा | ||
| 700 | _aगांधी महात्मा | ||
| 730 | _aसत्याचे प्रयोग /आत्मकथा | ||
| 942 | _cBOOK | ||
| 999 |
_c40365 _d40365 |
||